Tarikh Ikhwan-Ul-Musalmeen (Record no. 1988)

MARC details
000 -LEADER
fixed length control field 00547nam a2200229 a 4500
020 ## - INTERNATIONAL STANDARD BOOK NUMBER
ISBN
082 00 - DEWEY DECIMAL CLASSIFICATION NUMBER
Classification number 297.8
Author Cutter ZAK
100 ## - MAIN ENTRY--AUTHOR NAME
Author name Zaki Mohammad, Shauki
245 ## - TITLE STATEMENT
Title Tarikh Ikhwan-Ul-Musalmeen
260 ## - PUBLICATION, DISTRIBUTION, ETC. (IMPRINT)
Place of publication Rampur
Name of publisher Maktaba Al-Hasnaat
Year of publication 1957
300 ## - PHYSICAL DESCRIPTION
Number of Pages 336p
500 ## - GENERAL NOTE
General note includes index and biblioraphy
505 2# - FORMATTED CONTENTS NOTE
Formatted contents note Table
650 ## - SUBJECT ADDED ENTRY--TOPICAL TERM
Topical Term Ikhwanul-Muslimeen
942 ## - ADDED ENTRY ELEMENTS (KOHA)
Koha item type Books
Holdings
Collection code Home library Current library Date acquired Cost, normal purchase price Full call number Accession Number Koha item type
  Henry Martyn Institute Library Henry Martyn Institute Library 06/27/2007 3.00 297.8 ZAK 02508 Books
                   Copyright © 2026 | Henry Martyn Institute | Hyderabad | TS-500052 | INDIA | Implemented by hmi.edu.in
Hit-Count:

Powered by Koha